| 000 | 00435nam a2200145Ia 4500 | ||
|---|---|---|---|
| 008 | 220120s9999||||xx |||||||||||||| ||und|| | ||
| 020 | _a9788181473554 | ||
| 082 | _a620.11 SHA | ||
| 100 | _aShackelford, James F & Muralidhara, Madanapalli | ||
| 245 | 0 | _aIntroduction to Materials Science for Enginneering | |
| 250 | _a6th | ||
| 260 |
_aPearson _bNew Delhi _c2010 |
||
| 300 |
_avii;386 _b625 |
||
| 650 | _aELECTRONICS AND COMMUNICATIONS | ||
| 999 |
_c132683 _d132683 |
||